[Event "Landesklasse West 2011/2012"]
[Site "?"]
[Date "2011.02.05"]
[Round "6"]
[White "Hübschmann, Holger"]
[Black "Mehlhorn, Uwe"]
[Result "0-1"]
[WhiteElo "1915"]
[BlackElo "2053"]
[PlyCount "78"]
[EventDate "2011.??.??"]
[WhiteTeam "Randspringer Bad Salzungen"]
[BlackTeam "Ilmenauer SV"]

1. Nf3 b5 2. g3 Bb7 3. Bg2 c5 4. O-O e6 5. c3 Nf6 6. d4 Be7 7. Bg5 Qb6 8. Nbd2
h6 9. Bxf6 Bxf6 10. dxc5 Qxc5 11. Qc2 Qc7 12. Ne4 Be7 13. Nd4 Qb6 14. Rfd1 d5
15. Nd2 Nd7 16. e4 Nf6 17. exd5 Nxd5 18. Qb3 a6 19. a4 Bc5 20. Ne4 Bxd4 21.
Rxd4 O-O 22. a5 Qa7 23. Nd6 Bc6 24. Rad1 Rab8 25. Qc2 Qa8 26. Ne4 Rbd8 27. Qd2
Qa7 28. b4 Qa8 29. f4 Rc8 30. Nc5 Nf6 31. Bxc6 Rxc6 32. Rd8 Rc8 33. Rxf8+ Rxf8
34. Qd6 Qf3 35. Qd3 Qa8 36. Qd6 Ng4 37. Nxe6 Re8 38. Nd4 Qe4 39. Nc2 Qxc2 0-1

[Event "Landesklasse West 2011/2012"]
[Site "?"]
[Date "2011.02.05"]
[Round "6"]
[White "Lorenz, Erik Roman"]
[Black "Roth, Ralf"]
[Result "1/2-1/2"]
[WhiteElo "1685"]
[BlackElo "1843"]
[PlyCount "139"]
[EventDate "2011.??.??"]
[WhiteTeam "Ilmenauer SV"]
[BlackTeam "Randspringer Bad Salzungen"]

1. e4 d6 2. d4 Nf6 3. Nc3 g6 4. Be3 Bg7 5. Qd2 Nc6 6. f3 O-O 7. O-O-O e5 8. d5
Ne7 9. g4 Ne8 10. Bc4 c5 11. Nge2 a6 12. Ng3 b5 13. Be2 b4 14. Nb1 f5 15. gxf5
gxf5 16. Nh5 f4 17. Bf2 Bh6 18. Bh4 Qc7 19. Rdg1+ Kh8 20. Bf1 Ng8 21. Bg5 Qf7
22. Bxh6 Nxh6 23. Rg5 Rg8 24. Qg2 Rxg5 25. Qxg5 Ng8 26. Nd2 h6 27. Qh4 Qg6 28.
Nc4 Rb8 29. Nd2 Rb7 30. Bxa6 Rc7 31. Bf1 Qg5 32. Qxg5 hxg5 33. Bb5 Bd7 34. Bxd7
Rxd7 35. h4 gxh4 36. Rxh4 Rh7 37. c3 bxc3 38. bxc3 Nef6 39. Nxf4 exf4 40. Rxf4
Ne8 41. Nc4 Ra7 42. Kb2 Kg7 43. Rg4+ Kf7 44. e5 Rb7+ 45. Kc2 dxe5 46. Nxe5+ Kf8
47. Nc6 Nd6 48. a4 Rf7 49. Ne5 Ra7 50. Rf4+ Ke8 51. Nc6 Rf7 52. Rxf7 Kxf7 53.
a5 Nf6 54. Ne5+ Ke8 55. c4 Nxc4 56. Nxc4 Nxd5 57. Nb6 Nb4+ 58. Kc3 Nc6 59. a6
Kd8 60. Na4 Kc7 61. f4 Nb4 62. Kc4 Nxa6 63. Nxc5 Nb8 64. Kd5 Nc6 65. Ne6+ Kd7
66. Nf8+ Kc7 67. Ng6 Nb4+ 68. Ke6 Nc6 69. Kf7 Nd4 70. Kf6 1/2-1/2

[Event "Landesklasse West 2011/2012"]
[Site "?"]
[Date "2011.02.05"]
[Round "6"]
[White "Feldmann, Bernd"]
[Black "Leuner, Klaus"]
[Result "1/2-1/2"]
[WhiteElo "1829"]
[BlackElo "1860"]
[PlyCount "20"]
[EventDate "2011.??.??"]
[WhiteTeam "Randspringer Bad Salzungen"]
[BlackTeam "Ilmenauer SV"]

1. d4 c5 2. d5 e5 3. c4 f5 4. Nc3 Nf6 5. g3 d6 6. Bh3 Be7 7. Qc2 e4 8. f3 exf3
9. exf3 g6 10. Nge2 O-O 1/2-1/2

[Event "Landesklasse West 2011/2012"]
[Site "?"]
[Date "2011.02.05"]
[Round "6"]
[White "Dennler, Günter"]
[Black "Mäurer, Michael"]
[Result "1-0"]
[WhiteElo "1821"]
[BlackElo "1643"]
[PlyCount "61"]
[EventDate "2011.??.??"]
[WhiteTeam "Ilmenauer SV"]
[BlackTeam "Randspringer Bad Salzungen"]

1. g3 g6 2. Bg2 Bg7 3. e4 c6 4. d4 d5 5. e5 e6 6. Nf3 c5 7. c3 cxd4 8. cxd4 Qb6
9. O-O Ne7 10. Nc3 Bd7 11. b3 O-O 12. Ba3 Re8 13. Bc5 Qd8 14. a4 Na6 15. Nb5
Bxb5 16. axb5 Nxc5 17. dxc5 Qc7 18. b4 Bxe5 19. Rxa7 Bg7 20. b6 Qc6 21. Nd4
Bxd4 22. Qxd4 Rab8 23. Rb1 Rec8 24. Qf6 Qd7 25. Bf1 Nc6 26. Bb5 Qe7 27. Qxe7
Nxe7 28. Ba6 bxa6 29. Rxe7 a5 30. bxa5 Rxc5 31. a6 1-0

[Event "Landesklasse West 2011/2012"]
[Site "?"]
[Date "2011.02.05"]
[Round "6"]
[White "Wiefel, Erik"]
[Black "Rempel, Patrick"]
[Result "1/2-1/2"]
[WhiteElo "1716"]
[BlackElo "1997"]
[PlyCount "41"]
[EventDate "2011.??.??"]
[WhiteTeam "Randspringer Bad Salzungen"]
[BlackTeam "Ilmenauer SV"]

1. e4 c5 2. Nf3 d6 3. Bb5+ Bd7 4. Bxd7+ Nxd7 5. O-O Ngf6 6. d3 g6 7. b3 Bg7 8.
Bb2 O-O 9. c4 e6 10. Nc3 d5 11. Qc2 d4 12. Ne2 Nh5 13. b4 e5 14. bxc5 Nxc5 15.
Ba3 Qc7 16. Rab1 b6 17. Ng3 Nf4 18. Bxc5 bxc5 19. Rb3 Rab8 20. Rfb1 Rxb3 21.
Rxb3 1/2-1/2

[Event "Landesklasse West 2011/2012"]
[Site "?"]
[Date "2011.02.05"]
[Round "6"]
[White "Kampfhenkel, Ulrich"]
[Black "Bamberg, Alexander"]
[Result "0-1"]
[WhiteElo "2001"]
[BlackElo "1847"]
[PlyCount "144"]
[EventDate "2011.??.??"]
[WhiteTeam "SV Ammern"]
[BlackTeam "SV Schmalkalden 04"]

1. e4 c5 2. Nf3 d6 3. d4 cxd4 4. Nxd4 Nf6 5. Nc3 g6 6. Bc4 Bg7 7. Be3 Nc6 8.
Nxc6 bxc6 9. f3 O-O 10. Qd2 Qc7 11. O-O e6 12. Bb3 Ba6 13. Rfe1 d5 14. exd5
cxd5 15. Bh6 Rfc8 16. Bxg7 Kxg7 17. Kh1 Rab8 18. Qd4 Qc5 19. Qf4 Rb4 20. Qe5
Qc7 21. Qxc7 Rxc7 22. Rad1 Nd7 23. Ne2 Bxe2 24. Rxe2 Nc5 25. Kg1 a5 26. c3 Rb8
27. Rd4 Nxb3 28. axb3 Rxb3 29. Ra4 Rcb7 30. Ra2 R7b5 31. Kf1 Kf6 32. f4 h5 33.
g3 g5 34. fxg5+ Kxg5 35. Kg2 Kf6 36. Kh3 Kg6 37. Kh4 a4 38. h3 a3 39. bxa3 Rxc3
40. a4 Rb4+ 41. g4 Rcc4 42. a5 hxg4 43. a6 gxh3+ 44. Kxh3 Rh4+ 45. Kg3 Rh8 46.
Rf2 Ra8 47. Kg2 Rb6 48. Ra3 f5 49. a7 Rb7 50. Ra6 Kf6 51. Re2 Re7 52. Kf3 Raxa7
53. Rexe6+ Rxe6 54. Rxa7 Rb6 55. Rd7 Ke6 56. Rd8 Rb3+ 57. Kf4 Rb4+ 58. Ke3 Re4+
59. Kd3 Ke5 60. Re8+ Kf4 61. Rd8 Re5 62. Kd4 Re1 63. Kd3 Kf3 64. Kd2 Re5 65.
Ra8 f4 66. Rg8 Kf2 67. Rf8 f3 68. Rg8 Kf1 69. Rg3 f2 70. Rg4 Re4 71. Rg5 Rd4+
72. Ke3 Ke1 0-1

[Event "Landesklasse West 2011/2012"]
[Site "?"]
[Date "2011.02.05"]
[Round "6"]
[White "Lesser, Thomas"]
[Black "Wegerich, Michael"]
[Result "1/2-1/2"]
[WhiteElo "1856"]
[BlackElo "2015"]
[PlyCount "61"]
[EventDate "2011.??.??"]
[WhiteTeam "SV Schmalkalden 04"]
[BlackTeam "SV Ammern"]

1. e4 c5 2. c3 g6 3. d4 cxd4 4. cxd4 Bg7 5. Nf3 d6 6. h3 Nf6 7. Nc3 O-O 8. Be3
a6 9. Bd3 b5 10. O-O Bb7 11. a3 Nc6 12. b4 Nd7 13. Qb3 Nb6 14. Rac1 Rc8 15. Ne2
d5 16. e5 e6 17. Bg5 f6 18. exf6 Bxf6 19. Bxf6 Qxf6 20. Bb1 Nc4 21. Qd3 e5 22.
dxe5 N6xe5 23. Nxe5 Nxe5 24. Qg3 Nc4 25. Rcd1 Rce8 26. Nd4 Re5 27. Qf3 Qf4 28.
Ba2 Rc8 29. Rfe1 Rce8 30. Rxe5 Qxe5 31. a4 1/2-1/2

[Event "Landesklasse West 2011/2012"]
[Site "?"]
[Date "2011.02.05"]
[Round "6"]
[White "Kurze, Christoph"]
[Black "Klein, Matthias"]
[Result "1-0"]
[WhiteElo "1890"]
[BlackElo "1788"]
[PlyCount "119"]
[EventDate "2011.??.??"]
[WhiteTeam "SV Ammern"]
[BlackTeam "SV Schmalkalden 04"]

1. e4 g6 2. d4 Bg7 3. f4 c5 4. d5 d6 5. Be2 Nf6 6. Qd3 O-O 7. Nf3 b5 8. c3 e6
9. dxe6 Bxe6 10. Ng5 Bc4 11. Qc2 Bxe2 12. Qxe2 h6 13. Nf3 Nxe4 14. Qxb5 Nd7 15.
O-O Rb8 16. Qa5 Re8 17. Qxa7 Ra8 18. Qb7 Rb8 19. Qa6 Rb6 20. Qd3 Qb8 21. Na3 d5
22. Qxd5 Rd6 23. Qc4 Nb6 24. Qb3 c4 25. Nxc4 Nxc4 26. Qxc4 Qb6+ 27. Nd4 Bxd4+
28. cxd4 Rxd4 29. Be3 Rxc4 30. Bxb6 Rb4 31. Ba7 Rxb2 32. Rfb1 Rc2 33. Rb8 Rxb8
34. Bxb8 Rc8 35. Be5 f6 36. Bd4 Rd8 37. Bf2 Nxf2 38. Kxf2 Rd2+ 39. Kf1 Rd4 40.
g3 Ra4 41. Ke2 Kf7 42. Kd2 g5 43. fxg5 hxg5 44. Kc3 f5 45. Kb3 Re4 46. a4 Re2
47. a5 Rxh2 48. a6 Rh8 49. Kc4 Kg6 50. a7 Ra8 51. Kd5 f4 52. g4 f3 53. Kc6 f2
54. Kb7 Rf8 55. a8=Q f1=Q 56. Rxf1 Rxf1 57. Qg8+ Kh6 58. Qh8+ Kg6 59. Qh5+ Kf6
60. Qh6+ 1-0

[Event "Landesklasse West 2011/2012"]
[Site "?"]
[Date "2011.02.05"]
[Round "6"]
[White "Krannich, Steffen"]
[Black "Schorch, Rüdiger"]
[Result "1-0"]
[WhiteElo "1748"]
[BlackElo "1915"]
[PlyCount "47"]
[EventDate "2011.??.??"]
[WhiteTeam "SV Schmalkalden 04"]
[BlackTeam "SV Ammern"]

1. d4 d5 2. Nf3 e6 3. g3 c5 4. c4 dxc4 5. Qa4+ Nc6 6. Bg2 Qa5+ 7. Qxa5 Nxa5 8.
Bd2 Nc6 9. Na3 Bd7 10. Nxc4 cxd4 11. Rc1 f6 12. O-O g5 13. Na5 g4 14. Ne1 Nxa5
15. Bxa5 Bd6 16. Nd3 Ne7 17. Bc7 Bxc7 18. Rxc7 Bc6 19. Nc5 Bxg2 20. Kxg2 e5 21.
Nxb7 Kf7 22. Rfc1 Ke6 23. Nc5+ Kd6 24. Rd7+ 1-0

[Event "Landesklasse West 2011/2012"]
[Site "?"]
[Date "2011.02.05"]
[Round "6"]
[White "Feigel, Andreas"]
[Black "Burkhardt, Christian"]
[Result "0-1"]
[WhiteElo "1779"]
[BlackElo "1683"]
[PlyCount "64"]
[EventDate "2011.??.??"]
[WhiteTeam "SV Ammern"]
[BlackTeam "SV Schmalkalden 04"]

1. Nf3 d5 2. b3 Bg4 3. e3 Nd7 4. d4 e6 5. Be2 Ngf6 6. O-O Bd6 7. Bb2 Qe7 8.
Nbd2 Ba3 9. Bxa3 Qxa3 10. c4 Qe7 11. Qc2 c6 12. h3 Bh5 13. Rfe1 O-O 14. g4 Bg6
15. Bd3 Bxd3 16. Qxd3 e5 17. dxe5 Nxe5 18. Qf5 Nxf3+ 19. Qxf3 Ne4 20. Nxe4 Qxe4
21. Qxe4 dxe4 22. Rad1 Rad8 23. Rd4 Rfe8 24. Red1 Rxd4 25. exd4 g6 26. Kg2 f5
27. Kg3 Kf7 28. gxf5 gxf5 29. Kf4 Kf6 30. d5 Rd8 31. dxc6 Rxd1 32. c7 Rd3 0-1

[Event "Landesklasse West 2011/2012"]
[Site "?"]
[Date "2011.02.05"]
[Round "6"]
[White "Weigend, Joachim"]
[Black "Hentrich, Jörg"]
[Result "1/2-1/2"]
[WhiteElo "1827"]
[BlackElo "1816"]
[PlyCount "36"]
[EventDate "2011.??.??"]
[WhiteTeam "SV Schmalkalden 04"]
[BlackTeam "SV Ammern"]

1. d4 Nf6 2. c4 g6 3. Nc3 Bg7 4. g3 d6 5. Bg2 O-O 6. e3 c5 7. Nge2 Nc6 8. O-O
a6 9. a3 Qc7 10. Nd5 Nxd5 11. cxd5 Na5 12. Bd2 c4 13. Rc1 b5 14. b4 Nb7 15. Bc3
a5 16. e4 axb4 17. axb4 Bd7 18. Ra1 Rfb8 1/2-1/2

[Event "Landesklasse West 2011/2012"]
[Site "?"]
[Date "2011.02.05"]
[Round "6"]
[White "Thon, Philipp"]
[Black "Himmel, Matthias"]
[Result "1-0"]
[WhiteElo "1562"]
[BlackElo "1564"]
[PlyCount "61"]
[EventDate "2011.??.??"]
[WhiteTeam "SV Ammern"]
[BlackTeam "SV Schmalkalden 04"]

1. d4 Nf6 2. c4 g6 3. Nc3 Bg7 4. e3 d6 5. Bd3 Nbd7 6. Nge2 O-O 7. O-O c5 8. d5
Ne5 9. f4 Nxd3 10. Qxd3 Nd7 11. e4 a6 12. Kh1 Rb8 13. a4 Qb6 14. Rb1 Qb3 15.
Bd2 Nb6 16. a5 Qxc4 17. Qc2 Na8 18. b3 Qb4 19. Ra1 c4 20. Rfb1 cxb3 21. Rxb3
Qc5 22. Qd3 Qc7 23. Be3 b5 24. axb6 Nxb6 25. Nd4 Nd7 26. Rxb8 Qxb8 27. Nc6 Qb2
28. Nxe7+ Kh8 29. Rc1 Re8 30. Nxc8 Rxe4 31. Nxe4 1-0

[Event "Landesklasse West 2011/2012"]
[Site "?"]
[Date "2011.02.05"]
[Round "6"]
[White "Röder, Detlef"]
[Black "Dawydow, Julius"]
[Result "1-0"]
[WhiteElo "1641"]
[BlackElo "1344"]
[PlyCount "105"]
[EventDate "2011.??.??"]
[WhiteTeam "SV Schmalkalden 04"]
[BlackTeam "SV Ammern"]

1. e4 e6 2. d4 d5 3. Nd2 Nf6 4. e5 Nfd7 5. Ngf3 c5 6. Bb5 Qb6 7. Bxd7+ Bxd7 8.
c3 Bb5 9. Qb3 Nd7 10. a4 Bd3 11. Qxb6 axb6 12. Kd1 cxd4 13. cxd4 Rc8 14. Ne1
Bg6 15. b3 f6 16. f4 Bb4 17. Bb2 fxe5 18. fxe5 O-O 19. Rc1 Rxc1+ 20. Bxc1 Rf2
21. Rg1 Nb8 22. Nc2 Nc6 23. Nxb4 Nxb4 24. Ba3 Nd3 25. Rf1 Bh5+ 26. Kc2 Rxf1 27.
Nxf1 Bg6 28. Kc3 Nf2 29. Nd2 Nd1+ 30. Kb4 Ne3 31. Kb5 Be8+ 32. Kxb6 Bc6 33. a5
Nxg2 34. a6 bxa6 35. Kxc6 g5 36. Kb6 h5 37. Kxa6 Ne3 38. b4 Nc2 39. b5 Nxd4 40.
b6 Nc6 41. b7 Nb8+ 42. Kb6 Kf7 43. Bd6 Nd7+ 44. Kc7 Ke8 45. Nf3 g4 46. Nd4 h4
47. Nxe6 Nb8 48. Kxb8 g3 49. hxg3 h3 50. Kc7 h2 51. b8=Q+ Kf7 52. Qf8+ Kg6 53.
Qf6+ 1-0

[Event "Landesklasse West 2011/2012"]
[Site "?"]
[Date "2011.02.05"]
[Round "6"]
[White "Lehmann, Peter"]
[Black "Minor, Viatcheslav"]
[Result "0-1"]
[WhiteElo "1908"]
[BlackElo "1991"]
[PlyCount "80"]
[EventDate "2011.??.??"]
[WhiteTeam "ESV Lok Meiningen"]
[BlackTeam "SV Wartburgstadt Eisenach"]

1. d4 d6 2. Nf3 h6 3. e3 g5 4. Bd3 Bg7 5. c3 e5 6. Bc2 Nc6 7. h3 Nge7 8. dxe5
Nxe5 9. Nxe5 Bxe5 10. e4 Ng6 11. Be3 Be6 12. Nd2 Nh4 13. g3 Ng2+ 14. Ke2 Nxe3
15. Kxe3 c6 16. Bb3 Qb6+ 17. Ke2 O-O 18. Nf3 Bg7 19. Qc2 Rae8 20. Rad1 Bf5 21.
Nd2 d5 22. f3 dxe4 23. fxe4 g4 24. Rhf1 Qc5 25. Rf4 gxh3 26. Rdf1 Bg6 27. Qd3
h5 28. Qf3 Re7 29. g4 Bh6 30. Rf6 Kg7 31. Rxg6+ Kxg6 32. Qf6+ Kh7 33. Rf5 Qe3+
34. Kf1 Qd3+ 35. Kg1 Qg3+ 36. Kf1 Qg2+ 37. Ke1 Qxd2+ 38. Kf1 Qg2+ 39. Ke1 Qxe4+
40. Kd1 Qe2# 0-1

[Event "Landesklasse West 2011/2012"]
[Site "?"]
[Date "2011.02.05"]
[Round "6"]
[White "Hanel, Paul"]
[Black "Hocke, Sebastian"]
[Result "1/2-1/2"]
[WhiteElo "1858"]
[BlackElo "1872"]
[PlyCount "89"]
[EventDate "2011.??.??"]
[WhiteTeam "SV Wartburgstadt Eisenach"]
[BlackTeam "ESV Lok Meiningen"]

1. d4 d5 2. Nf3 Nf6 3. c4 e6 4. Nc3 c6 5. Bg5 Nbd7 6. e3 Be7 7. Rc1 O-O 8. cxd5
exd5 9. Bd3 Re8 10. O-O Ne4 11. Bf4 f5 12. a3 Nf8 13. b4 Ng6 14. Qb3 a6 15.
Nxe4 fxe4 16. Bxe4 Nxf4 17. exf4 Qd6 18. Ne5 Rf8 19. g3 a5 20. Nxc6 bxc6 21.
Rxc6 Qxc6 22. Bxd5+ Be6 23. Bxe6+ Kh8 24. Bd5 Qb6 25. Bxa8 Rxa8 26. Qe3 Bf8 27.
d5 Qd6 28. Qe5 axb4 29. axb4 Qxb4 30. Rd1 Bd6 31. Qe2 Rd8 32. Qd2 Qc5 33. Rc1
Qb5 34. Rd1 Qc5 35. Qd4 Qb5 36. f5 Be7 37. Kg2 Qb4 38. Qxb4 Bxb4 39. f4 Kg8 40.
Kf3 Kf7 41. g4 h6 42. h4 Kf6 43. Ke4 Re8+ 44. Kf3 Bc5 45. Rd3 1/2-1/2

[Event "Landesklasse West 2011/2012"]
[Site "?"]
[Date "2011.02.05"]
[Round "6"]
[White "Grube, Jan"]
[Black "Schwarz, Hilmar"]
[Result "1-0"]
[WhiteElo "1784"]
[BlackElo "1779"]
[PlyCount "67"]
[EventDate "2011.??.??"]
[WhiteTeam "ESV Lok Meiningen"]
[BlackTeam "SV Wartburgstadt Eisenach"]

1. c4 f5 2. Nf3 Nf6 3. d4 e6 4. Nc3 d5 5. e3 c6 6. Ne5 Bd6 7. cxd5 exd5 8. f4
Be6 9. Bd2 Nbd7 10. Be2 O-O 11. O-O Ne4 12. Nxe4 dxe4 13. Bc4 Bd5 14. Qb3 Nb6
15. Bxd5+ cxd5 16. Ba5 Bc7 17. Rac1 Rc8 18. Rc5 Nc4 19. Nxc4 b6 20. Nxb6 axb6
21. Rxd5 Qh4 22. Rxf5+ Kh8 23. Rxf8+ Rxf8 24. Bb4 Re8 25. Qf7 Qd8 26. Rc1 Bb8
27. Rc6 Rg8 28. Qb7 Bxf4 29. Bd2 Bxh2+ 30. Kxh2 Qh4+ 31. Kg1 Qg4 32. Rc1 h6 33.
Qxb6 Qe2 34. Qb4 1-0

[Event "Landesklasse West 2011/2012"]
[Site "?"]
[Date "2011.02.05"]
[Round "6"]
[White "Neef, Michael"]
[Black "Von Otte, Wilhelm"]
[Result "0-1"]
[WhiteElo "1879"]
[BlackElo "1849"]
[PlyCount "104"]
[EventDate "2011.??.??"]
[WhiteTeam "SV Wartburgstadt Eisenach"]
[BlackTeam "ESV Lok Meiningen"]

1. d4 Nf6 2. c4 g6 3. Nc3 Bg7 4. e4 d6 5. Nf3 c5 6. dxc5 Qa5 7. Bd2 Qxc5 8. Be2
O-O 9. O-O Bg4 10. Be3 Qc8 11. Nd4 Nc6 12. f3 Bd7 13. Rc1 b6 14. Nd5 Qb7 15.
Qd2 Rac8 16. b4 Nxd5 17. cxd5 Nxd4 18. Bxd4 Rxc1 19. Rxc1 Bxd4+ 20. Qxd4 Rc8
21. Qe3 e6 22. Rxc8+ Qxc8 23. Qd2 exd5 24. exd5 Qe8 25. Bc4 Qe5 26. Bb3 Bb5 27.
f4 Qa1+ 28. Kf2 h5 29. h4 Qf1+ 30. Kg3 Qd3+ 31. Qxd3 Bxd3 32. Kf3 Kg7 33. Ke3
Bb1 34. a4 Kf6 35. Bd1 Kf5 36. Bf3 a5 37. bxa5 bxa5 38. g3 Bc2 39. Kd4 Bxa4 40.
Kc3 Bb5 41. Kb3 Bd3 42. Ka4 Be4 43. Bd1 Bxd5 44. Kxa5 Ke4 45. Kb6 Be6 46. Kc6
d5 47. Kd6 d4 48. Ke7 d3 49. Kf6 d2 50. f5 Bxf5 51. Kxf7 Ke3 52. Kf6 Kf2 0-1

[Event "Landesklasse West 2011/2012"]
[Site "?"]
[Date "2011.02.05"]
[Round "6"]
[White "Jörges, Frank"]
[Black "Königsdörfer, Gerhard"]
[Result "1-0"]
[WhiteElo "1824"]
[BlackElo "1864"]
[PlyCount "47"]
[EventDate "2011.??.??"]
[WhiteTeam "ESV Lok Meiningen"]
[BlackTeam "SV Wartburgstadt Eisenach"]

1. d4 d5 2. Nf3 Nf6 3. e3 Bg4 4. c4 e6 5. Qb3 Bxf3 6. gxf3 Nbd7 7. Qxb7 dxc4 8.
Bxc4 Rb8 9. Qxa7 Bb4+ 10. Bd2 Bxd2+ 11. Nxd2 O-O 12. Qa3 e5 13. d5 Nb6 14. e4
Qd7 15. Qc3 Qd6 16. a4 Rfc8 17. a5 Nbd7 18. a6 Qb6 19. a7 Ra8 20. Ra6 Qb7 21.
Qb3 Nb6 22. Qa3 c6 23. d6 Ne8 24. Qb3 1-0

[Event "Landesklasse West 2011/2012"]
[Site "?"]
[Date "2011.02.05"]
[Round "6"]
[White "Heyl, Peter"]
[Black "Weiß, Daniel"]
[Result "0-1"]
[WhiteElo "1676"]
[BlackElo "1783"]
[PlyCount "20"]
[EventDate "2011.??.??"]
[WhiteTeam "SV Wartburgstadt Eisenach"]
[BlackTeam "ESV Lok Meiningen"]

1. d4 Nf6 2. c4 g6 3. Nc3 d5 4. Bg5 Ne4 5. Bf4 Nxc3 6. bxc3 Bg7 7. cxd5 Qxd5 8.
Bxc7 Qc6 9. Ba5 b6 10. Bb4 a5 0-1

[Event "Landesklasse West 2011/2012"]
[Site "?"]
[Date "2011.02.05"]
[Round "6"]
[White "Rosenberg, Erik"]
[Black "Ulbricht, Olaf"]
[Result "0-1"]
[WhiteElo "1529"]
[BlackElo "1634"]
[PlyCount "66"]
[EventDate "2011.??.??"]
[WhiteTeam "ESV Lok Meiningen"]
[BlackTeam "SV Wartburgstadt Eisenach"]

1. d4 b5 2. e3 Bb7 3. Nf3 a6 4. Bd3 e6 5. Nbd2 d5 6. a3 Nd7 7. O-O Bd6 8. e4 c5
9. c3 c4 10. Bc2 a5 11. exd5 Bxd5 12. Re1 Ngf6 13. Ne5 Qc7 14. Ndf3 h6 15. Nxd7
Qxd7 16. Ne5 Qb7 17. f3 Qc7 18. Qe2 Nd7 19. Nxd7 Bxh2+ 20. Kh1 Kxd7 21. Be4
Bxe4 22. Qxe4 Bd6 23. Be3 Rac8 24. Rad1 f5 25. Qc2 Rhf8 26. Qe2 g5 27. Qd2 g4
28. f4 h5 29. g3 Rh8 30. Kg2 h4 31. Rh1 Qc6+ 32. Kg1 Qf3 33. Qe1 hxg3 0-1

[Event "Landesklasse West 2011/2012"]
[Site "?"]
[Date "2011.02.05"]
[Round "6"]
[White "Graupner, Markus"]
[Black "Webel, Jannik"]
[Result "1/2-1/2"]
[WhiteElo "1643"]
[BlackElo "1633"]
[PlyCount "68"]
[EventDate "2011.??.??"]
[WhiteTeam "SV Wartburgstadt Eisenach"]
[BlackTeam "ESV Lok Meiningen"]

1. Nf3 d5 2. c4 c6 3. b3 Nf6 4. Bb2 e6 5. g3 Bd6 6. Bg2 O-O 7. O-O Qe7 8. d4
Ne4 9. Nbd2 f5 10. Ne5 Nd7 11. f4 Nxe5 12. fxe5 Bc7 13. Nxe4 fxe4 14. Rxf8+
Qxf8 15. Qd2 Qe7 16. a4 Bd7 17. Ba3 Qe8 18. Rf1 Qg6 19. Qf4 h6 20. Qh4 Re8 21.
Bh3 Bd8 22. Qg4 Qxg4 23. Bxg4 Be7 24. Bxe7 Rxe7 25. c5 Rf7 26. a5 Rxf1+ 27.
Kxf1 Kf7 28. Kf2 g5 29. Bh5+ Ke7 30. e3 Be8 31. Be2 a6 32. h4 Bg6 33. hxg5 hxg5
34. g4 Kd7 1/2-1/2

[Event "Landesklasse West 2011/2012"]
[Site "?"]
[Date "2011.02.05"]
[Round "6"]
[White "Bötticher, Heinz-Wilfried"]
[Black "Kachel, Alfred"]
[Result "1/2-1/2"]
[WhiteElo "1810"]
[BlackElo "1954"]
[PlyCount "21"]
[EventDate "2011.??.??"]
[WhiteTeam "SV Breitenworbis"]
[BlackTeam "Schachclub Rochade Leinefelde"]

1. d4 f5 2. c4 Nf6 3. Nc3 e6 4. Nf3 Be7 5. Bg5 O-O 6. e3 d6 7. Bd3 Nbd7 8. O-O
Qe8 9. Re1 h6 10. Bxf6 Bxf6 11. e4 1/2-1/2

[Event "Landesklasse West 2011/2012"]
[Site "?"]
[Date "2011.02.05"]
[Round "6"]
[White "Pfitzenreuter, Gerald"]
[Black "Leibeling, Lucian"]
[Result "1/2-1/2"]
[WhiteElo "1939"]
[BlackElo "1832"]
[PlyCount "34"]
[EventDate "2011.??.??"]
[WhiteTeam "Schachclub Rochade Leinefelde"]
[BlackTeam "SV Breitenworbis"]

1. d4 Nf6 2. c4 g6 3. Nc3 d5 4. cxd5 Nxd5 5. e4 Nxc3 6. bxc3 Bg7 7. Nf3 c5 8.
Rb1 O-O 9. Be2 Nc6 10. d5 Bxc3+ 11. Bd2 Bxd2+ 12. Qxd2 Na5 13. h4 Bg4 14. h5
Bxf3 15. gxf3 e6 16. hxg6 fxg6 17. Qh6 Rf7 1/2-1/2

[Event "Landesklasse West 2011/2012"]
[Site "?"]
[Date "2011.02.05"]
[Round "6"]
[White "Biel, Peter"]
[Black "Ziegenfuß, Holger"]
[Result "0-1"]
[WhiteElo "1672"]
[BlackElo "1941"]
[PlyCount "70"]
[EventDate "2011.??.??"]
[WhiteTeam "SV Breitenworbis"]
[BlackTeam "Schachclub Rochade Leinefelde"]

1. e4 e5 2. Nf3 d6 3. d4 Nf6 4. Nc3 Nbd7 5. Bg5 c6 6. Bd3 Be7 7. O-O O-O 8. Ne2
h6 9. Bh4 Re8 10. c3 Bf8 11. Qc2 Qc7 12. h3 g5 13. Bg3 Bg7 14. Bh2 Nf8 15. Ng3
Ng6 16. Rfe1 Nf4 17. Bf1 a5 18. Rad1 a4 19. dxe5 dxe5 20. Nf5 Bf8 21. Rd2 b5
22. a3 Be6 23. Bxf4 gxf4 24. Be2 Rad8 25. Rxd8 Rxd8 26. Qb1 Bb3 27. g3 fxg3 28.
Nxg3 Kh7 29. Kh2 Bc5 30. Rf1 Rg8 31. Qc1 Be6 32. Nh4 Qa7 33. Ngf5 Bf8 34. f3
Nh5 35. Rg1 Qf2+ 0-1

[Event "Landesklasse West 2011/2012"]
[Site "?"]
[Date "2011.02.05"]
[Round "6"]
[White "Frank, Thomas"]
[Black "Bötticher, Andreas"]
[Result "1-0"]
[WhiteElo "1891"]
[BlackElo "1530"]
[PlyCount "63"]
[EventDate "2011.??.??"]
[WhiteTeam "Schachclub Rochade Leinefelde"]
[BlackTeam "SV Breitenworbis"]

1. d4 d5 2. c4 e6 3. Nc3 Nf6 4. cxd5 Nxd5 5. e4 Nxc3 6. bxc3 Be7 7. Nf3 O-O 8.
Bd3 b6 9. O-O Bb7 10. Qe2 c5 11. Rd1 Qc7 12. Be3 Nd7 13. Rac1 Rac8 14. g3 h6
15. Bc2 Rfd8 16. d5 exd5 17. exd5 Bd6 18. c4 Re8 19. Re1 Nf6 20. Qd3 a6 21. a4
b5 22. axb5 axb5 23. Bb3 b4 24. Ba4 Re7 25. Nh4 Ra8 26. Ra1 Re4 27. Nf5 Bc8 28.
Nxd6 Qxd6 29. Bc2 Rb8 30. f3 Re7 31. Bf4 Qb6 32. Rxe7 1-0

[Event "Landesklasse West 2011/2012"]
[Site "?"]
[Date "2011.02.05"]
[Round "6"]
[White "Hermann, Ingo"]
[Black "Seeboth, Paul"]
[Result "0-1"]
[WhiteElo "1852"]
[BlackElo "1780"]
[PlyCount "56"]
[EventDate "2011.??.??"]
[WhiteTeam "SV Breitenworbis"]
[BlackTeam "Schachclub Rochade Leinefelde"]

1. e4 d6 2. d4 g6 3. Nc3 Bg7 4. Be3 c6 5. Qd2 b5 6. f3 a6 7. Nge2 Nd7 8. g4 e5
9. Ng3 Qa5 10. Be2 Bb7 11. O-O Ne7 12. a3 exd4 13. Bxd4 Bxd4+ 14. Qxd4 Qb6 15.
Rad1 O-O-O 16. Kg2 Qxd4 17. Rxd4 Nc5 18. Rfd1 Kc7 19. Nf1 Ne6 20. R4d2 h5 21.
Ne3 hxg4 22. Nxg4 f5 23. Ne3 Rh4 24. Nf1 d5 25. exf5 gxf5 26. Bd3 Rg8+ 27. Kf2
Ng5 28. Ng3 Rxh2+ 0-1

[Event "Landesklasse West 2011/2012"]
[Site "?"]
[Date "2011.02.05"]
[Round "6"]
[White "Petiko, Jakob"]
[Black "Hermann, Frank"]
[Result "1-0"]
[WhiteElo "1929"]
[BlackElo "1547"]
[PlyCount "93"]
[EventDate "2011.??.??"]
[WhiteTeam "Schachclub Rochade Leinefelde"]
[BlackTeam "SV Breitenworbis"]

1. e4 e5 2. c4 Nf6 3. Nc3 Bb4 4. Nge2 O-O 5. g3 Bxc3 6. Nxc3 d6 7. Bg2 Be6 8.
d3 Nc6 9. h3 Qd7 10. g4 h6 11. O-O Nd4 12. f4 exf4 13. Bxf4 Nh7 14. Qd2 h5 15.
Qf2 Nc6 16. gxh5 Bxh3 17. Qg3 Bxg2 18. Qxg2 Ne5 19. d4 Nxc4 20. Rf3 f6 21. Rg3
c5 22. dxc5 dxc5 23. Rd1 Qf7 24. Rd5 b6 25. Bh6 Ng5 26. Bxg5 fxg5 27. Rdxg5 Qf4
28. Rxg7+ Kh8 29. Nd5 Qc1+ 30. Kh2 Qxb2 31. Qxb2 Nxb2 32. R7g6 Kh7 33. Nf6+
Rxf6 34. Rxf6 Nc4 35. h6 Rg8 36. Rf7+ Kh8 37. Rxa7 Nd2 38. Rgg7 Rxg7 39. hxg7+
Kh7 40. Re7 c4 41. e5 Ne4 42. Rb7 c3 43. e6 c2 44. e7 Nd6 45. Rc7 Ne8 46. Rxc2
Kxg7 47. Rf2 1-0